000 00645nam a22001815i 4500
001 153824
003 ES-MaACL
005 20230906205410.0
008 001006q18011900sp |||| | spa d
110 1 _aEspaña.
_bArmada.
_93625
245 1 0 _aOrdenanza de puertos :
_bcopia del tít. VIIº Trat. 5º de la Ordenanza General de la Real Armada.
260 _a[Madrid? :
_bs.n.,
_cs.a.]
300 _a81 p. ;
_c30 cm.
596 _aProbablemente impreso en el S. XIX.
650 4 _aPuertos-
_xDerecho-
_zEspaña.
_9156853
650 4 _aMarina de guerra-
_zEspaña-
_yS.XIX.
_914783
852 _aES-MaACL
_jR-1605
_z- Enc. pasta
_x Olim: G-1658
999 _c153824
_d153824